[Event "57th World Juniors 2018"]
[Site "Manavgat TUR"]
[Date "2018.09.10"]
[Round "6.29"]
[White "Lee, Jun Hyeok"]
[Black "Morozov, Nichita"]
[Result "1/2-1/2"]
[WhiteTitle "FM"]
[BlackTitle "IM"]
[WhiteElo "2263"]
[BlackElo "2452"]
[WhiteFideId "13202340"]
[BlackFideId "13900897"]
[EventDate "2018.09.05"]

1. Nf3 Nf6 2. c4 e6 3. g3 d5 4. Bg2 Be7 5. O-O O-O 6. b3 b6 7. Bb2 Bb7 8. e3 c5
9. Nc3 Ne4 10. cxd5 Nxc3 11. Bxc3 Bxd5 12. Qe2 Bf6 13. Rfd1 Bb7 14. d4 Nd7 15.
dxc5 Bxc3 16. Rac1 Qe7 17. c6 Bxc6 18. Rxc3 Rac8 19. Qc2 Nc5 20. Ne5 Bxg2 21.
Kxg2 Qb7+ 22. f3 f6 23. Nc4 Qe7 24. Nxb6 axb6 25. b4 Rc7 26. bxc5 bxc5 27. a4
Ra8 28. Rd4 Ra5 29. Rdc4 g6 30. e4 Kg7 31. Rd3 Raa7 32. Rdc3 Ra5 33. Rd3 Raa7
34. Qc3 Rd7 35. Rxd7 Qxd7 36. e5 f5 37. a5 Rc7 38. Rxc5 Rxc5 39. Qxc5 Qd2+ 40.
Kh3 Qh6+ 1/2-1/2

[Event "57th World Juniors 2018"]
[Site "Manavgat TUR"]
[Date "2018.09.10"]
[Round "6.30"]
[White "Makhnev, Denis"]
[Black "Ozen, Bahadir"]
[Result "0-1"]
[WhiteTitle "IM"]
[BlackTitle "FM"]
[WhiteElo "2449"]
[BlackElo "2326"]
[WhiteFideId "13707647"]
[BlackFideId "6337058"]
[EventDate "2018.09.05"]

1. d4 d5 2. Nf3 Nf6 3. c4 e6 4. Nc3 Be7 5. Bf4 O-O 6. e3 Nbd7 7. Qc2 c5 8. cxd5
cxd4 9. d6 dxc3 10. bxc3 e5 11. dxe7 Qxe7 12. Bg3 b6 13. Be2 Bb7 14. O-O Ne4 15.
Rfd1 f6 16. Qb3+ Kh8 17. a4 Rac8 18. Rac1 Ndc5 19. Qa3 Qe6 20. c4 a5 21. Nd2
Nxg3 22. hxg3 Qc6 23. Bf3 e4 24. Be2 Qxa4 25. Qb2 Qc6 26. Rb1 Na4 27. Qb3 Ba8
28. c5 Nxc5 29. Qxb6 Qxb6 30. Rxb6 Na4 31. Ra6 Rc2 32. Rd6 Nc3 33. Re1 Bd5 34.
Ba6 Rxd2 35. Rc1 Na2 36. Ra1 Nc3 37. Rc1 Na2 38. Ra1 g6 39. Bc4 Nc3 0-1

[Event "57th World Juniors 2018"]
[Site "Manavgat TUR"]
[Date "2018.09.10"]
[Round "6.31"]
[White "Pang, Tao"]
[Black "Mohammad, Nubairshah Shaikh"]
[Result "1/2-1/2"]
[BlackTitle "IM"]
[WhiteElo "2290"]
[BlackElo "2443"]
[WhiteFideId "8609950"]
[BlackFideId "5053196"]
[EventDate "2018.09.05"]

1. Nf3 Nf6 2. c4 g6 3. Nc3 d5 4. cxd5 Nxd5 5. Qa4+ Nc6 6. Ne5 Qd6 7. Nxc6 Qxc6
8. Qxc6+ bxc6 9. g3 Bg7 10. Bg2 Be6 11. b3 O-O-O 12. Bb2 Nxc3 13. Bxc3 Bxc3 14.
dxc3 c5 15. Rd1 Rd6 16. Rxd6 cxd6 17. Kd2 Kc7 18. c4 a5 19. Kc3 Rb8 20. h4 h5
21. Rd1 a4 22. Rb1 Rb4 23. Rb2 a3 24. Rd2 Bd7 25. e3 Rb8 26. Rd1 e6 27. Rb1 Rb4
28. Rd1 Bc6 29. Bxc6 Kxc6 30. e4 f5 31. Re1 Kd7 32. e5 d5 33. Rd1 Kc6 34. f4 Rb8
35. Rd2 Rb7 36. Rd3 Rb8 37. Rd2 Rb6 38. Rd3 Rb4 39. Rd1 dxc4 1/2-1/2

[Event "57th World Juniors 2018"]
[Site "Manavgat TUR"]
[Date "2018.09.10"]
[Round "6.32"]
[White "Haria, Ravi"]
[Black "Amartuvshin, Ganzorig"]
[Result "1-0"]
[WhiteTitle "IM"]
[BlackTitle "FM"]
[WhiteElo "2442"]
[BlackElo "2280"]
[WhiteFideId "415820"]
[BlackFideId "4902548"]
[EventDate "2018.09.05"]

1. e4 c5 2. Nf3 e6 3. d4 cxd4 4. Nxd4 Nc6 5. Nc3 a6 6. Nxc6 bxc6 7. Bd3 d5 8.
O-O Nf6 9. Re1 Be7 10. e5 Nd7 11. Qg4 Kf8 12. b3 c5 13. Na4 Bb7 14. c4 d4 15.
Qh5 Kg8 16. Nb2 g6 17. Qh6 Bf8 18. Qh3 Bg7 19. f4 h5 20. Bc2 a5 21. Bd2 Qe7 22.
Nd3 Bh6 23. Re2 Kg7 24. Be1 a4 25. bxa4 Bc6 26. a5 Rhb8 27. Bd2 Qd8 28. Nf2 Rb2
29. Bc1 Rb4 30. Bd3 Rxa5 31. g4 hxg4 32. Nxg4 Qh8 33. Qg3 Rb3 34. Rb1 Rxb1 35.
Bxb1 Kg8 36. h4 Bg7 37. h5 gxh5 38. Rh2 Kf8 39. Qh4 Ke8 40. Qg5 Bf8 41. Rxh5 Qg7
42. Rh7 Qxg5 43. fxg5 Ra4 44. g6 fxg6 45. Bg5 Bg7 46. Rxg7 Kf8 47. Rh7 Ra3 48.
Kh2 d3 49. Nf6 Nxf6 50. exf6 Be8 51. Bh6+ Kg8 52. Rg7+ Kh8 53. Re7 1-0

[Event "57th World Juniors 2018"]
[Site "Manavgat TUR"]
[Date "2018.09.10"]
[Round "6.33"]
[White "Repka, Christopher"]
[Black "Thilakarathne, G M H"]
[Result "1-0"]
[WhiteTitle "GM"]
[BlackTitle "FM"]
[WhiteElo "2523"]
[BlackElo "2238"]
[WhiteFideId "14918781"]
[BlackFideId "9912053"]
[EventDate "2018.09.05"]

1. g3 c5 2. c4 Nc6 3. Nc3 g6 4. h4 h5 5. Bg2 Bg7 6. Nh3 Nh6 7. Nf4 d6 8. a3 O-O
9. Rb1 Ng4 10. d3 Bd7 11. Bd2 Rb8 12. b4 b6 13. b5 Nd4 14. a4 Bc8 15. O-O Bb7
16. Ne4 e6 17. Bc3 d5 18. cxd5 e5 19. Nh3 Bxd5 20. e3 Nf5 21. Qe2 Qe7 22. Bf3
Rbd8 23. Nhg5 f6 24. Nh3 Be6 25. Rfd1 Qd7 26. Bg2 Ngh6 27. Qf1 Ng4 28. Qe2 Ngh6
29. Kh2 Ng4+ 30. Kh1 Bd5 31. Kg1 Qb7 32. Bd2 c4 33. Bb4 Rfe8 34. Rbc1 cxd3 35.
Qxd3 Bh6 36. Nd6 Rxd6 37. Bxd5+ Rxd5 38. Qxd5+ Qxd5 39. Rxd5 Ngxe3 40. Rd7 Nd5
41. Rc4 Nxb4 42. Rxb4 e4 43. Rc4 e3 44. fxe3 Bxe3+ 45. Kh2 Bc5 46. Nf4 Re1 47.
Rxa7 Nd4 48. Rxc5 bxc5 49. b6 Rb1 50. b7 Nc6 51. Ra8+ Kf7 52. Rc8 Rxb7 53. Rxc6
g5 54. Nxh5 Kg6 55. Nxf6 gxh4 56. Ne4+ Kh5 57. Rxc5+ Kg4 58. Nf6+ Kf3 59. Rf5+
Ke2 60. g4 1-0

[Event "57th World Juniors 2018"]
[Site "Manavgat TUR"]
[Date "2018.09.10"]
[Round "6.34"]
[White "Xu, Xiangyu"]
[Black "Galperin, Platon"]
[Result "1-0"]
[WhiteTitle "GM"]
[WhiteElo "2586"]
[BlackElo "2348"]
[WhiteFideId "8608288"]
[BlackFideId "14165414"]
[EventDate "2018.09.05"]

1. e4 c5 2. Nc3 e6 3. Nf3 Nc6 4. d4 cxd4 5. Nxd4 Qc7 6. Be3 a6 7. Qf3 Ne5 8. Qg3
h5 9. Bf4 d6 10. Bg5 b5 11. f4 Nc4 12. O-O-O Bb7 13. f5 e5 14. Nb3 Nf6 15. Bxc4
bxc4 16. Nd2 Rb8 17. Kb1 h4 18. Bxh4 Nxe4 19. Ndxe4 Bxe4 20. Nxe4 Qb7 21. Nxd6+
Bxd6 22. b3 cxb3 23. axb3 Qb4 24. Rhe1 Rxh4 25. Rxd6 Re4 26. Red1 Re2 27. Qd3
Re1 28. Rd8+ Ke7 29. Rd7+ Kf6 30. Rd6+ Ke7 31. Rd7+ Kf6 32. Rxe1 Qxe1+ 33. Kb2
Rb6 34. Qc4 Kxf5 35. Rxf7+ Rf6 36. Rxg7 e4 1-0

[Event "57th World Juniors 2018"]
[Site "Manavgat TUR"]
[Date "2018.09.10"]
[Round "6.35"]
[White "Asadli, Vugar"]
[Black "Sevgi, Volkan"]
[Result "1/2-1/2"]
[WhiteTitle "IM"]
[BlackTitle "FM"]
[WhiteElo "2492"]
[BlackElo "2323"]
[WhiteFideId "13405764"]
[BlackFideId "6325335"]
[EventDate "2018.09.05"]

1. e4 c6 2. d4 d5 3. e5 Bf5 4. Nd2 e6 5. Nb3 Nd7 6. Nf3 h6 7. Be2 Ne7 8. O-O g5
9. Ne1 c5 10. Nxc5 Nxc5 11. dxc5 Nc6 12. Bd3 Be4 13. Qe2 Bxc5 14. Bxe4 dxe4 15.
Qxe4 Qd4 16. Qxd4 Bxd4 17. Nf3 Bxe5 18. Nxe5 Nxe5 19. b3 Nc6 20. Bb2 e5 21. f4
gxf4 22. Rxf4 exf4 23. Bxh8 O-O-O 24. Bc3 Rd5 25. Rf1 Rc5 26. Bg7 Rxc2 27. Rxf4
Rxa2 28. Rxf7 h5 29. h4 Ra5 30. Kh2 Kb8 1/2-1/2

[Event "57th World Juniors 2018"]
[Site "Manavgat TUR"]
[Date "2018.09.10"]
[Round "6.36"]
[White "Murzin, Volodar"]
[Black "Escalante Ramirez, Brian Sebasti"]
[Result "0-1"]
[WhiteTitle "FM"]
[BlackTitle "IM"]
[WhiteElo "2349"]
[BlackElo "2436"]
[WhiteFideId "44155573"]
[BlackFideId "3819566"]
[EventDate "2018.09.05"]

1. e4 e6 2. d4 d5 3. Nc3 Nf6 4. e5 Nfd7 5. f4 c5 6. Nf3 Nc6 7. Be3 Be7 8. g3 O-O
9. Qd2 a6 10. Bg2 b5 11. O-O b4 12. Ne2 a5 13. dxc5 Ba6 14. Rfe1 Bxe2 15. Qxe2
Qc7 16. Qf2 Qa7 17. Nd4 Nxd4 18. c6 Qc7 19. Bxd4 Qxc6 20. c4 bxc3 21. bxc3 Rab8
22. Rac1 Ba3 23. Rc2 Nb6 24. f5 Rb7 25. f6 g6 26. Qe3 Rc8 27. h4 Nc4 28. Qf4
Rcb8 29. h5 Rb1 30. Re2 Bf8 31. hxg6 hxg6 32. Bf1 Rxe1 33. Rxe1 Qa4 34. Re2 Qd1
35. Rf2 a4 36. Kh2 Rb1 37. g4 a3 38. Kg3 Rb2 39. Bg2 Qe1 40. Kh3 Rxf2 41. Bxf2
Qxc3+ 42. Bg3 Qd2 43. Qxd2 Nxd2 44. g5 Bc5 45. Bf4 Nb1 46. Bxd5 exd5 47. e6 fxe6 0-1

[Event "57th World Juniors 2018"]
[Site "Manavgat TUR"]
[Date "2018.09.10"]
[Round "6.37"]
[White "Hollan, Martin"]
[Black "Sibashvili, Giorgi"]
[Result "1-0"]
[WhiteTitle "FM"]
[BlackTitle "IM"]
[WhiteElo "2336"]
[BlackElo "2425"]
[WhiteFideId "360937"]
[BlackFideId "13602799"]
[EventDate "2018.09.05"]

1. Nf3 d5 2. d4 Nf6 3. c4 e6 4. Nc3 c6 5. cxd5 exd5 6. Bg5 Bf5 7. Qb3 Qb6 8.
Qxb6 axb6 9. Bxf6 gxf6 10. e3 Na6 11. Nh4 Be6 12. Rc1 b5 13. Bd3 b4 14. Ne2 Nc7
15. Bb1 Nb5 16. Nf4 Nd6 17. O-O Nc4 18. Rc2 Bd6 19. Re2 Bxf4 20. exf4 O-O 21. h3
Rfe8 22. Rfe1 Bd7 23. Nf3 Rxe2 24. Rxe2 Re8 25. Rxe8+ Bxe8 26. b3 Nd6 27. Bd3 b6
28. Ne1 c5 29. Nc2 Bb5 30. Bf1 Bxf1 31. Kxf1 Nb5 32. Ke1 Kf8 33. Kd2 Nc3 34. a4
Ke7 35. f3 Kd6 36. g4 Na2 37. Ne3 cxd4 38. Nf5+ Kc5 39. Nh6 d3 40. Nxf7 Nc3 41.
Kxd3 d4 42. f5 Kd5 43. g5 fxg5 44. Nxg5 Ke5 45. Nxh7 Nd5 46. f6 Nf4+ 47. Kc4 1-0

[Event "57th World Juniors 2018"]
[Site "Manavgat TUR"]
[Date "2018.09.10"]
[Round "6.38"]
[White "Gokerkan, Cem Kaan"]
[Black "Nastase, Robert-Paul"]
[Result "1-0"]
[WhiteTitle "IM"]
[BlackTitle "FM"]
[WhiteElo "2416"]
[BlackElo "2313"]
[WhiteFideId "6336760"]
[BlackFideId "1221175"]
[EventDate "2018.09.05"]

1. Nf3 Nf6 2. g3 d5 3. Bg2 e6 4. O-O c5 5. c4 dxc4 6. Na3 Be7 7. Nxc4 Nc6 8. d3
O-O 9. Bd2 Nd5 10. Rc1 b6 11. Qc2 Bb7 12. Rfd1 Rc8 13. Qb1 Nd4 14. Nxd4 cxd4 15.
e4 dxe3 16. fxe3 Ba6 17. b4 Qd7 18. Qb3 Bb5 19. Nb2 Bg5 20. Kf2 Rxc1 21. Rxc1
Qd8 22. a4 Ba6 23. d4 Qf6+ 24. Kg1 Qh6 25. Re1 Qh5 26. b5 Bb7 27. Nc4 Ba8 28.
Qd1 Qxd1 29. Rxd1 Be7 30. Kf2 f6 31. Rc1 Rc8 32. Bh3 f5 33. Bg2 Kf8 34. Bf3 Bb4
35. Bxd5 Bxd5 36. Bxb4+ Kg8 37. Bc5 bxc5 38. Nd6 1-0

[Event "57th World Juniors 2018"]
[Site "Manavgat TUR"]
[Date "2018.09.10"]
[Round "6.39"]
[White "Shailesh, Dravid"]
[Black "Garayev, Kanan"]
[Result "0-1"]
[WhiteTitle "FM"]
[BlackTitle "FM"]
[WhiteElo "2325"]
[BlackElo "2404"]
[WhiteFideId "25017969"]
[BlackFideId "13406671"]
[EventDate "2018.09.05"]

1. e4 e5 2. Nf3 Nc6 3. Bb5 a6 4. Ba4 b5 5. Bb3 Na5 6. Nc3 d6 7. O-O Nf6 8. d3
Be7 9. h3 O-O 10. Bg5 c5 11. a4 Nxb3 12. cxb3 b4 13. Bxf6 Bxf6 14. Nd5 Bg5 15.
Nd2 Bxd2 16. Qxd2 Be6 17. f4 f5 18. Rac1 Bxd5 19. exd5 Qf6 20. Qf2 Rae8 21. Rc4
e4 22. dxe4 Rxe4 23. Rxe4 fxe4 24. Qe2 Qd4+ 25. Kh2 Qd3 26. Qxd3 exd3 27. Rd1
Rxf4 28. Rxd3 Rf2 29. Re3 Kf7 30. Re6 Rf6 31. Re3 Rf5 32. Rd3 Rf2 33. Re3 Rxb2
34. Re6 Rxb3 35. Rxd6 c4 36. Rxa6 c3 37. Ra7+ Ke8 38. Rc7 Ra3 39. Rc4 Rxa4 40.
Kg3 Ra1 0-1

[Event "57th World Juniors 2018"]
[Site "Manavgat TUR"]
[Date "2018.09.10"]
[Round "6.41"]
[White "Nikolovski, Nikola"]
[Black "Zlatin, Alexander"]
[Result "1-0"]
[WhiteTitle "IM"]
[WhiteElo "2388"]
[BlackElo "2312"]
[WhiteFideId "15002314"]
[BlackFideId "2810549"]
[EventDate "2018.09.05"]

1. e4 e5 2. Nf3 Nc6 3. Bc4 Bc5 4. O-O Nf6 5. d3 O-O 6. a4 d5 7. exd5 Nxd5 8.
Nbd2 Bg4 9. h3 Bh5 10. Ne4 Be7 11. Ng3 Bg6 12. Re1 Bf6 13. a5 a6 14. Ne4 Be7 15.
c3 Nf6 16. Ng3 Bd6 17. Nh4 Re8 18. Nxg6 hxg6 19. Bg5 Qd7 20. Qf3 Nh7 21. Ne4 Qf5
22. Qg3 Be7 23. Bd2 Nf6 24. Ng5 Nh5 25. Qh4 Bxg5 26. Bxg5 Nf4 27. Re4 Ne6 28.
Bd2 Rad8 29. b4 g5 30. Qh5 Nf4 31. Bxf4 exf4 32. Rae1 Rxe4 33. Rxe4 Qf6 34. d4
g6 35. Qg4 Qf5 36. Qe2 Kg7 37. d5 Rxd5 38. Bxd5 Qxd5 39. Re8 Qd6 40. Kh1 Kf6 41.
Re4 Kg7 42. Kg1 Qf6 43. Qd3 Qf5 44. f3 Qf6 45. Re2 Kf8 46. Kh2 Kg7 47. Re4 Qf5
48. Qc4 Qf6 49. Qc5 Qd8 50. Re2 Qf8 51. Qxg5 Qd6 52. Re4 f5 53. Re8 Qd7 54. Ra8
Qd2 55. Qh4 Qd6 56. Qh8+ Kf7 57. Qg8+ Ke7 58. Qg7+ Ke6 59. Qxg6+ Kd5 60. Qxd6+ 1-0

[Event "57th World Juniors 2018"]
[Site "Manavgat TUR"]
[Date "2018.09.10"]
[Round "6.42"]
[White "Macovei, Andrei"]
[Black "Jogstad, Martin"]
[Result "1-0"]
[WhiteTitle "FM"]
[BlackTitle "FM"]
[WhiteElo "2385"]
[BlackElo "2305"]
[WhiteFideId "13904680"]
[BlackFideId "1715364"]
[EventDate "2018.09.05"]

1. e4 e6 2. d4 d5 3. Nc3 Bb4 4. e5 b6 5. a3 Bf8 6. Nf3 Ne7 7. h4 Qd7 8. h5 h6 9.
Nb5 a6 10. Nc3 c5 11. Ne2 Nbc6 12. c3 c4 13. Nh4 b5 14. g4 a5 15. Bh3 Qb7 16.
O-O g6 17. Ng3 Kd8 18. f4 Kc7 19. hxg6 fxg6 20. f5 gxf5 21. gxf5 exf5 22. Nhxf5
Nxf5 23. Nxf5 Kb6 24. Qf3 Qf7 25. Ne3 Qxf3 26. Rxf3 Ne7 27. Rf6+ Kc7 28. Bg2 Rg8
29. Kh2 Bb7 30. Bd2 Bg7 31. Rf7 Kd8 32. Nf5 Bf8 33. Nd6 Bc6 34. Raf1 Ng6 35. Bh3
Be7 36. Bxh6 Bd7 37. Nf5 Ra6 38. Nxe7 Nxe7 39. Rf8+ Kc7 40. Rxg8 Nxg8 41. Rf7
Rxh6 42. Rxd7+ Kc6 43. Rg7 Rh8 44. Kg3 Nh6 45. Bd7+ Kb6 46. Rg6+ Kc7 47. Be6 Kd8
48. Bxd5 Nf5+ 49. Kf4 Ne7 50. Rd6+ Kc7 51. Be6 Ng6+ 52. Kg5 Nf8 53. Bf5 Rh2 54.
Rf6 Nh7+ 55. Bxh7 Rxh7 56. d5 Rh2 57. Rf7+ Kd8 58. d6 Rg2+ 59. Kf6 Rxb2 60. Ke6
Rd2 61. Rf8# 1-0

[Event "57th World Juniors 2018"]
[Site "Manavgat TUR"]
[Date "2018.09.10"]
[Round "6.43"]
[White "Miciano, John Marvin"]
[Black "Vanczak, Tamas"]
[Result "1/2-1/2"]
[WhiteTitle "IM"]
[BlackTitle "FM"]
[WhiteElo "2374"]
[BlackElo "2276"]
[WhiteFideId "5211948"]
[BlackFideId "759929"]
[EventDate "2018.09.05"]

1. Nf3 Nf6 2. g3 b6 3. Bg2 Bb7 4. d3 e6 5. O-O d5 6. c3 c5 7. Nbd2 Nc6 8. Re1
Be7 9. e4 Qc7 10. a3 a5 11. a4 O-O 12. Nf1 dxe4 13. dxe4 Rad8 14. Qb3 Ba6 15.
Bf4 e5 16. Bg5 c4 17. Qc2 Nd7 18. Bxe7 Nxe7 19. Ne3 Nc5 20. Red1 Nd3 21. Ne1 Rd6
22. Nxd3 cxd3 23. Qb3 d2 24. Qc2 Rfd8 25. c4 Rd4 26. b3 Bb7 27. Ra2 Qc5 28. Rb2
f5 29. exf5 Bxg2 30. Kxg2 Qc6+ 31. Kg1 Qf3 32. Nf1 Nxf5 33. Rxd2 Ne3 34. fxe3
Rxd2 35. Nxd2 Qxe3+ 36. Kg2 Qe2+ 37. Kg1 Rf8 38. Rb1 Rf2 39. Qe4 Qxd2 40. Rf1
Rxf1+ 41. Kxf1 Qd1+ 42. Kg2 Qxb3 43. Qxe5 Qxa4 44. Qe6+ Kf8 45. Qxb6 Qxc4 46.
Qxa5 Qe2+ 1/2-1/2

[Event "57th World Juniors 2018"]
[Site "Manavgat TUR"]
[Date "2018.09.10"]
[Round "6.45"]
[White "Milosevic, Milos"]
[Black "Can, Isik"]
[Result "1/2-1/2"]
[WhiteTitle "FM"]
[BlackTitle "FM"]
[WhiteElo "2292"]
[BlackElo "2361"]
[WhiteFideId "964875"]
[BlackFideId "6383742"]
[EventDate "2018.09.05"]

1. e4 e5 2. Nc3 Nf6 3. Nf3 Nc6 4. g3 d5 5. exd5 Nxd5 6. Bg2 Nxc3 7. bxc3 Bc5 8.
O-O O-O 9. Re1 Bb6 10. d3 Re8 11. Be3 Bf5 12. Rb1 Rb8 13. Nd2 Qd7 14. Qc1 Bh3
15. Bh1 Bxe3 16. Rxe3 f6 17. Qa3 Be6 18. Qa4 Ne7 19. Qxd7 Bxd7 20. Bxb7 Ba4 21.
Ba6 Rxb1+ 22. Nxb1 Bxc2 23. Bc4+ Kf8 24. Na3 Ba4 25. Re1 Nc8 26. d4 exd4 27.
Rxe8+ Kxe8 28. cxd4 Ne7 29. Kf1 Nf5 30. d5 Kd7 31. Nb1 Kd6 32. Nc3 Bd7 33. Ke2
Kc5 34. Bd3 Kd4 35. Kd2 h6 36. Bxf5 Bxf5 37. Nb5+ Kxd5 38. Nxc7+ Ke5 39. Nb5 a6
40. Nc3 Kd4 41. Ne2+ Kc4 42. Nf4 Bg4 43. Ng2 Kb4 44. Ne3 Be6 45. Nc2+ Ka4 46.
Kc3 g5 47. a3 Bf7 48. Kb2 Kb5 49. Kc3 Kc5 50. Ne3 a5 51. Ng4 f5 52. Nxh6 Be6 53.
h3 g4 54. hxg4 fxg4 55. a4 Kd5 56. Nxg4 Bxg4 57. Kb2 Kc4 58. f4 Bf5 59. Ka1 Kc3
60. Ka2 1/2-1/2

[Event "57th World Juniors 2018"]
[Site "Manavgat TUR"]
[Date "2018.09.10"]
[Round "6.46"]
[White "Nogerbek, Kazybek"]
[Black "Baenziger, Fabian"]
[Result "1/2-1/2"]
[WhiteTitle "FM"]
[BlackTitle "IM"]
[WhiteElo "2261"]
[BlackElo "2360"]
[WhiteFideId "13710427"]
[BlackFideId "1330110"]
[EventDate "2018.09.05"]

1. d4 Nf6 2. c4 e6 3. Nf3 b6 4. g3 Bb7 5. Bg2 c5 6. O-O cxd4 7. Qxd4 Nc6 8. Qf4
Ne7 9. Nc3 Ng6 10. Qd2 Rc8 11. b3 Bb4 12. Bb2 Ne4 13. Qd4 Nxc3 14. Bxc3 Bxc3 15.
Qxc3 O-O 16. Rfd1 d5 17. e4 Qc7 18. exd5 exd5 19. Nd4 Ne7 20. Re1 a6 21. Qe3
Rfe8 22. Nf5 Kf8 23. Nxe7 Rxe7 24. Qxe7+ Qxe7 25. Rxe7 Kxe7 26. Rd1 Rc5 27. a4
b5 28. axb5 axb5 29. h4 bxc4 30. bxc4 Rxc4 31. Bxd5 Bxd5 32. Rxd5 1/2-1/2

[Event "57th World Juniors 2018"]
[Site "Manavgat TUR"]
[Date "2018.09.10"]
[Round "6.48"]
[White "Aydincelebi, Kagan"]
[Black "Murphy, Conor E"]
[Result "0-1"]
[WhiteTitle "FM"]
[BlackTitle "FM"]
[WhiteElo "2060"]
[BlackElo "2357"]
[WhiteFideId "6361102"]
[BlackFideId "421669"]
[EventDate "2018.09.05"]

1. e4 e5 2. Nf3 Nc6 3. Bb5 f5 4. Nc3 fxe4 5. Nxe4 Nf6 6. Nxf6+ Qxf6 7. Qe2 Be7
8. Bxc6 bxc6 9. Qxe5 d6 10. Qxf6 Bxf6 11. d4 Bg4 12. Be3 Bxf3 13. gxf3 O-O 14.
Rd1 Bh4 15. Ke2 Rf5 16. Rhg1 Raf8 17. Rg4 Be7 18. Rd3 Ra5 19. a3 Rb8 20. b4 Rh5
21. Rc3 a5 22. Rxc6 Bd8 23. bxa5 Rxa5 24. Bh6 Rh5 25. Bxg7 Kf7 26. d5 Rxd5 27.
Bc3 Rb1 28. Rcc4 Rc1 29. Bb2 Rb1 30. Rg7+ Ke6 31. Re4+ Kf5 32. Bd4 c5 33. Rf7+
Kg6 34. Rg7+ Kf5 35. Rf7+ Kg6 36. Rf8 Ba5 37. Rg4+ Kh5 38. Rf7 Re1+ 39. Kd3
Rxd4+ 40. Rxd4 Rd1+ 41. Kc4 Rxd4+ 42. Kb5 Kg6 43. Rd7 Bd2 44. a4 Rb4+ 45. Kc6
Bf4 46. a5 Bxh2 47. a6 h5 48. a7 h4 49. Rd8 Ra4 50. Kb7 Be5 51. Rg8+ Kh5 52. Rg4
Rxa7+ 53. Kxa7 h3 54. Rg1 h2 55. Rd1 Kh4 56. Kb7 Kh3 57. Kc6 Kg2 58. Kd5 h1=Q
59. Rxh1 Kxh1 60. Ke4 Kg2 61. f4 Bxf4 62. Kxf4 Kxf2 63. c4 Ke2 64. Ke4 Kd2 0-1

[Event "57th World Juniors 2018"]
[Site "Manavgat TUR"]
[Date "2018.09.10"]
[Round "6.49"]
[White "Liyanage, Ranindu Dilshan"]
[Black "Schekachikhin, Maksim"]
[Result "0-1"]
[WhiteTitle "CM"]
[BlackTitle "IM"]
[WhiteElo "1989"]
[BlackElo "2356"]
[WhiteFideId "9915834"]
[BlackFideId "24177830"]
[EventDate "2018.09.05"]

1. e4 c5 2. Nf3 e6 3. d4 cxd4 4. Nxd4 Nc6 5. Nc3 Qc7 6. g3 a6 7. Bg2 Nf6 8. O-O
h5 9. Nf3 Ng4 10. Bf4 d6 11. h3 Nge5 12. Nd2 Be7 13. Be3 Na5 14. Bd4 Bf6 15. Na4
Nd7 16. Bxf6 Nxf6 17. c4 O-O 18. Rc1 Nc6 19. c5 dxc5 20. Rxc5 e5 21. Qc2 Be6 22.
Nf3 Nd7 23. Rc3 f6 24. Nh4 Rfd8 25. Nf5 Qa5 26. Ra3 Nd4 27. Qd1 Nxf5 28. exf5
Bf7 29. Bxb7 Rab8 30. Qf3 Nb6 31. Nxb6 Qxb6 32. Be4 Qxb2 33. Rb1 Qxb1+ 34. Kh2
Qb6 35. Qe2 a5 36. Rc3 Rbc8 0-1

[Event "57th World Juniors 2018"]
[Site "Manavgat TUR"]
[Date "2018.09.10"]
[Round "6.50"]
[White "Arcuti, Davide"]
[Black "Nyambileg, Erdene-Ochir"]
[Result "0-1"]
[WhiteTitle "FM"]
[WhiteElo "2356"]
[BlackElo "1798"]
[WhiteFideId "1323725"]
[BlackFideId "4901932"]
[EventDate "2018.09.05"]

1. d4 Nf6 2. c4 g6 3. Nc3 Bg7 4. e4 d6 5. f3 O-O 6. Be3 c5 7. d5 Na6 8. Qd2 Nc7
9. Bd3 a6 10. a4 Rb8 11. a5 b5 12. axb6 Rxb6 13. Nge2 e5 14. g4 Bd7 15. Ng3 Qb8
16. Ra2 Qb7 17. g5 Nfe8 18. h4 a5 19. h5 Na6 20. Bb1 Rb3 21. Rxa5 Rxb2 22. Qc1
Nec7 23. O-O Qb4 24. Ra1 Rb8 25. Bd3 Qb3 26. Rf2 Rxf2 27. Bxf2 Qb7 28. Bf1 Nb4
29. Kg2 Qc8 30. Ra7 Ra8 31. Rxa8 Qxa8 32. Qb2 Qd8 33. Be3 f6 34. gxf6 Qxf6 35.
hxg6 hxg6 36. Qf2 Qh4 37. Kg1 Bh6 38. Bxh6 Qxh6 39. Nb5 Ne8 40. Qg2 Kf7 41. Nh1
Ke7 42. Nf2 Nf6 43. Qg3 Nc2 44. Nd3 Qe3+ 45. Qf2 Qg5+ 46. Qg2 Qxg2+ 47. Bxg2 Ne3
48. Na3 g5 49. Kf2 Nd1+ 50. Ke2 Nc3+ 51. Kd2 Na4 52. Ke3 Nh5 53. Bf1 Nb6 54. Nf2
Nf4 55. Ng4 Bxg4 56. fxg4 Kd7 57. Kd2 Ke7 58. Ke3 Nd7 59. Kf3 Nf6 60. Nc2 Ng6
61. Bd3 Kd7 62. Ne3 Nh4+ 63. Kg3 Kc7 64. Nd1 Kb6 65. Nf2 Ng6 66. Nh3 Nf4 67.
Nxg5 Nxd3 68. Kf3 Nb2 69. Nf7 Nxc4 70. g5 Ne8 71. g6 Kc7 72. Nh6 Nd2+ 73. Ke3
Nc4+ 74. Kd3 Nb6 75. Nf5 Nd7 76. Kc4 Ndf6 77. g7 Kb6 78. Kd3 Kb5 79. Ke3 c4 80.
Ke2 Kb4 0-1

[Event "57th World Juniors 2018"]
[Site "Manavgat TUR"]
[Date "2018.09.10"]
[Round "6.51"]
[White "Ozsakallioglu, Okan"]
[Black "Sawlin, Leonid"]
[Result "0-1"]
[BlackTitle "FM"]
[WhiteElo "1955"]
[BlackElo "2355"]
[WhiteFideId "6367011"]
[BlackFideId "4689542"]
[EventDate "2018.09.05"]

1. e4 g6 2. d4 Bg7 3. Nc3 d6 4. f4 a6 5. Nf3 b5 6. Bd3 Nd7 7. e5 c5 8. Be4 Rb8
9. O-O b4 10. Ne2 Qc7 11. c3 Nh6 12. h3 O-O 13. Be3 a5 14. Qc1 Ba6 15. Rf2 Kh8
16. g4 Ng8 17. Ng5 Bh6 18. h4 Qc8 19. e6 fxe6 20. Nxe6 Ndf6 21. f5 Bxe3 22. Qxe3
Nxg4 23. Qg5 Qxe6 24. fxe6 Nxf2 25. Qd5 Nxe4 26. Qxe4 bxc3 27. bxc3 Rb2 28. Nf4
Nf6 29. Qf3 Kg8 30. Qg3 cxd4 31. cxd4 Rc8 32. h5 g5 33. Qxg5+ Kh8 34. Qh6 Kg8
35. Qg5+ Kh8 36. Qh6 Bd3 37. Nxd3 Rg8+ 38. Kf1 Ng4 39. Nxb2 Nxh6 40. Nc4 Rg5 41.
Rb1 Kg7 42. a4 Rd5 43. Rb5 Rxd4 44. Nxa5 Rxa4 45. Nc6 Kf6 46. Rb7 Nf5 47. Nd8
Ra8 48. Rd7 Ng3+ 0-1

[Event "57th World Juniors 2018"]
[Site "Manavgat TUR"]
[Date "2018.09.10"]
[Round "6.53"]
[White "Kara, Yanki"]
[Black "Martinez Alcantara, Jose Eduardo"]
[Result "1/2-1/2"]
[BlackTitle "GM"]
[WhiteElo "2262"]
[BlackElo "2565"]
[WhiteFideId "6370306"]
[BlackFideId "3805662"]
[EventDate "2018.09.05"]

1. Nf3 Nf6 2. c4 e6 3. g3 b6 4. Bg2 Bb7 5. O-O g6 6. d4 Bg7 7. Nc3 Ne4 8. Bd2
O-O 9. Qc2 f5 10. Rfd1 Qe7 11. d5 Na6 12. Nxe4 fxe4 13. Qxe4 Bxb2 14. Rab1 Bf6
15. Be3 e5 16. Qc2 d6 17. Bh3 Kh8 18. Bg4 c5 19. h4 Nc7 20. Bh6 Bg7 21. Bxg7+
Kxg7 22. Ng5 h6 23. Ne4 Bc8 24. Bxc8 Raxc8 25. Kg2 Rcd8 26. Rd3 Rf5 27. Ra3 Ne8
28. Rf3 Nf6 29. Nxf6 Qxf6 30. Qe4 Rf8 31. Rbb3 Qe7 32. Ra3 R8f7 33. Rab3 Qb7 34.
Qg4 h5 35. Qe4 Qd7 36. Rb5 Qe8 37. Kg1 Qc8 38. Rbb3 Rxf3 39. Rxf3 Rxf3 40. Qxf3
b5 41. Qa3 Qc7 42. Qa6 bxc4 43. Qxc4 Qb7 44. a3 Qb1+ 45. Kg2 Qd1 46. e4 Qb1 47.
Qa4 Kf6 48. Qc6 Qxe4+ 49. Kh2 Qd4 50. Qxd6+ Kf5 51. f3 Qf2+ 52. Kh3 1/2-1/2